Statistics for Phoebe Waller-Bridge Filmography

Click here to take the quiz!

General Stats

  • This quiz has been taken 5 times
    (4 since last reset)
  • The average score is 14 of 41

Answer Stats

TypeYearName% Correct
Web Series2016Crashing
75%
Theater2013, 2019Fleabag
75%
Web Series2016-2019Fleabag
75%
Film2019National Theatre Live: Fleabag
75%
TV Show2015Broadchurch
50%
Short Film2018Careful How You Go
50%
Film2023Indiana Jones and the Dial of Destiny
50%
Podcast2021No Time to Die: The Official James Bond Podcast
50%
TV Show2019Saturday Night Live
50%
Film2018Solo: A Star Wars Story
50%
Film2011The Iron Lady
50%
Web Series2014Agatha Christie: Ordeal by Innocence
25%
Film2011Albert Nobbs
25%
TV Show2013Bad Education
25%
Short Film2011Beautiful Enough
25%
TV Show2014Blandings
25%
TV Show2013Coming Up
25%
TV Show2009Doctors
25%
TV Mini-Series2014Glue
25%
Film2017Goodbye Christopher Robin
25%
Web Mini-Series2021Great British Theatre
25%
Theater2012Hay Fever
25%
TV Show2020His Dark Materials
25%
TV Show2010How Not to Live Your Life
25%
Film2024Imaginary Friends
25%
Short Film2015Incident on the Northern Line
25%
Short Film2008Intangible
25%
TV Mini-Series2013London Irish
25%
Film2015Man Up
25%
Short Film2011Meconium
25%
Theater2009-2010Rope
25%
TV Show2020Run
25%
TV ShowTBAScreenshot
25%
TV Show2021Staged
25%
Short Film2016The 12 Days of Christmas: A Tale of Avian Misery
25%
TV Show2011-2013The Cafe
25%
TV Film2011The Night Watch
25%
Short Film2009The Reward
25%
TV Documentary2015The Secret World of Tinder
25%
Music Video2021Treat People with Kindness
25%
Theater2010Tribes
25%

Score Distribution

Percentile by Number Answered

Percent of People with Each Score

Your Score History

You have not taken this quiz since the last reset